|
|
|
|
| LEADER |
01297nam a2200337 4500 |
| 001 |
DLU180183374 |
| 005 |
##20180122 |
| 020 |
# |
# |
|a 9786045370605
|
| 040 |
# |
# |
|a DLU
|b vie
|
| 041 |
# |
# |
|a vie
|
| 044 |
# |
# |
|a vn
|
| 082 |
# |
# |
|a 398.209 597
|b VA-C
|
| 100 |
# |
# |
|a Vàng Thung Chúng.
|
| 245 |
# |
# |
|a Văn học dân gian người Nùng Dín ở Lào Cai /
|c Vàng Thung Chúng, Vàng Thị Nga nghiên cứu, giới thiệu.
|
| 260 |
# |
# |
|a H. :
|b Hội nhà văn,
|c 2016.
|
| 300 |
# |
# |
|a 414 tr. ;
|c 21 cm.
|
| 504 |
# |
# |
|a Tài liệu tham khảo: tr. 227-228.
|
| 505 |
# |
# |
|a Chương I. Khái quát chung về kho tàng văn học dân gian người Nùng Dín Lào Cai -- Chương II. Nội dung và nghệ thuật các thể loại văn học dân gian người Nùng Dín Lào Cai -- Chương III. Vài nhận xét về các giá trị văn hóa và vấn đề bảo tồn, phát huy kho tàng văn học dân gian người Nùng Dín.
|
| 650 |
# |
# |
|a Nùng (Dân tộc Đông Nam Á)
|z Việt Nam
|z Lào Cai
|x Văn học dân gian.
|
| 700 |
# |
# |
|a Vàng Thị Nga.
|
| 923 |
# |
# |
|a 01/2017
|
| 991 |
# |
# |
|a SH
|
| 992 |
# |
# |
|a 17000
|
| 994 |
# |
# |
|a DLU
|
| 900 |
# |
# |
|a True
|
| 911 |
# |
# |
|a Nguyễn Thanh Hương
|
| 925 |
# |
# |
|a G
|
| 926 |
# |
# |
|a A
|
| 927 |
# |
# |
|a SH
|
| 980 |
# |
# |
|a Thư viện Trường Đại học Đà Lạt
|